L'information demain : De la press écrite aux nouveaux média

Сохранить в:
Библиографические подробности
Главный автор: Lepigeon, Jean-Louis
Формат:
Язык:Undetermined
Опубликовано: Paris, France La Documentation Française 1979
Предметы:
Метки: Добавить метку
Нет меток, Требуется 1-ая метка записи!
Thư viện lưu trữ: Trung tâm Học liệu Trường Đại học Cần Thơ
LEADER 00656nam a2200205Ia 4500
001 CTU_107241
008 210402s9999 xx 000 0 und d
082 |a 303.4833 
082 |b L596 
100 |a Lepigeon, Jean-Louis 
245 0 |a L'information demain : 
245 0 |b De la press écrite aux nouveaux média 
245 0 |c Jean-Louis Lepigeon et Dominique Wolton 
260 |a Paris, France 
260 |b La Documentation Française 
260 |c 1979 
650 |a Information society.,Mass media,Mass media 
650 |x Social aspects.,Technological innovations. 
904 |i Minh 
980 |a Trung tâm Học liệu Trường Đại học Cần Thơ